Dnešné trendy v "online" marketingu

Výhody a nevýhody online marketingu. E-mail marketing. Charakteristika jednotlivých foriem online marketingu: blog a vlog, PPC - pay per click, AdWords, AdSense, Analytics, SEO - optimalizácia pre vyhľadávače, affiliate marketing, remarketing, sociálne médiá.

Saved in:
Bibliographic Details
Main Author: Klimek, Miroslav
Format: Book Chapter
Language:Slovak
Subjects:
Tags: Add Tag
No Tags, Be the first to tag this record!

MARC

LEADER 00000nla a2200000 4500
001 0226983
005 20240502073735.9
041 0 |a slo 
044 |a SK 
245 1 0 |a Dnešné trendy v "online" marketingu  |c Miroslav Klimek 
520 |a Výhody a nevýhody online marketingu. E-mail marketing. Charakteristika jednotlivých foriem online marketingu: blog a vlog, PPC - pay per click, AdWords, AdSense, Analytics, SEO - optimalizácia pre vyhľadávače, affiliate marketing, remarketing, sociálne médiá. 
610 2 0 |a marketing elektronický 
610 2 0 |a komunikácia marketingová 
610 2 0 |a stránky webové 
610 2 0 |a pošta elektronická 
610 2 0 |a siete sociálne 
610 2 0 |a reklama 
610 2 0 |a propagácia 
100 1 |a Klimek, Miroslav